Hindī jana-jana kī bhāshā. (Record no. 77555)

MARC details
000 -LEADER
fixed length control field 00693cam a22002531 4500
001 - CONTROL NUMBER
control field sa 68000927
003 - CONTROL NUMBER IDENTIFIER
control field DLC
005 - DATE AND TIME OF LATEST TRANSACTION
control field 20260227112428.0
008 - FIXED-LENGTH DATA ELEMENTS--GENERAL INFORMATION
fixed length control field 890724s1966 ii 000 0 hino
010 ## - LIBRARY OF CONGRESS CONTROL NUMBER
LC control number sa 68000927
035 ## - SYSTEM CONTROL NUMBER
System control number (OCoLC)20061630
040 ## - CATALOGING SOURCE
Original cataloging agency DLC
Transcribing agency WaU
Modifying agency NRU
-- DLC
042 ## - AUTHENTICATION CODE
Authentication code premarc
043 ## - GEOGRAPHIC AREA CODE
Geographic area code a-ii---
050 00 - LIBRARY OF CONGRESS CALL NUMBER
Classification number PK1931
Item number .N3
100 0# - MAIN ENTRY--PERSONAL NAME
Personal name Mahāprajña,
Titles and words associated with a name Ācārya,
Dates associated with a name 1920-2010.
245 10 - TITLE STATEMENT
Title Hindī jana-jana kī bhāshā.
260 ## - PUBLICATION, DISTRIBUTION, ETC.
Place of publication, distribution, etc. Naī Dillī,
Name of publisher, distributor, etc. Akhila Bhārtīya Aṇuvrata Samiti
Date of publication, distribution, etc. [1966?]
300 ## - PHYSICAL DESCRIPTION
Extent 16 p.
Dimensions 18 cm.
490 0# - SERIES STATEMENT
Series statement Aṇuvrata vicāra mālā,
Volume/sequential designation 5
500 ## - GENERAL NOTE
General note In Hindi.
650 #0 - SUBJECT ADDED ENTRY--TOPICAL TERM
Topical term or geographic name entry element Hindi language.
651 #0 - SUBJECT ADDED ENTRY--GEOGRAPHIC NAME
Geographic name India
General subdivision Languages.

No items available.

Powered by Koha